|
|
|
|
| LEADER |
00000nam0a2200000 4500 |
| 001 |
8572 |
| 005 |
20231101204615.0 |
| 010 |
|
|
|a 5797500981
|
| 035 |
|
|
|a (RuTPU)RU\TPU\book\8621
|
| 035 |
|
|
|a BOOK00008680
|
| 090 |
|
|
|a 8572
|
| 100 |
|
|
|a 20011209d1998 m y0rusy50 ca
|
| 101 |
0 |
|
|a rus
|
| 102 |
|
|
|a RU
|
| 105 |
|
|
|a y j 000zy
|
| 200 |
1 |
|
|a Основы коммерческой деятельности
|e учебник
|f Б. И. Синецкий
|
| 210 |
|
|
|a Москва
|c Юристъ
|d 1998
|
| 215 |
|
|
|a 659 с.
|
| 606 |
1 |
|
|a Коммерческая деятельность
|2 stltpush
|3 (RuTPU)RU\TPU\subj\27888
|9 51559
|
| 610 |
1 |
|
|a экономика
|
| 610 |
1 |
|
|a торговля
|
| 610 |
1 |
|
|a коммерческая деятельность
|
| 610 |
1 |
|
|a учебные пособия
|
| 610 |
1 |
|
|a купля-продажа
|
| 610 |
1 |
|
|a контракты
|
| 610 |
1 |
|
|a договоры
|
| 610 |
1 |
|
|a расчеты
|
| 610 |
1 |
|
|a контракты
|
| 610 |
1 |
|
|a заказчики
|
| 610 |
1 |
|
|a подрядчики
|
| 610 |
1 |
|
|a посредники
|
| 610 |
1 |
|
|a товары
|
| 610 |
1 |
|
|a инжиниринг
|
| 610 |
1 |
|
|a биржи
|
| 610 |
1 |
|
|a аренда
|
| 610 |
1 |
|
|a лизинг
|
| 686 |
|
|
|a У9(2)42я73
|v LBC/SL-A
|2 rubbk
|
| 700 |
|
1 |
|a Синецкий
|b Б. И.
|g Борис Иванович
|
| 801 |
|
0 |
|a RU
|b 63413507
|c 20011209
|g PSBO
|
| 801 |
|
2 |
|a RU
|b 63413507
|c 20211116
|g PSBO
|
| 900 |
|
|
|a Основы коммерческой деятельности
|
| 942 |
|
|
|c BK
|